00409nam a2200157Ia 4500003000400000008004100004040001600045082001300061100002100074245004700095260004200142300001000184650001500194650002000209650002200229GCL140319s9999 xx 000 0 eng d aGCL / cGCL04a843bD L1 aDAUDET, ALPHONSE10aLETTERS DE MON MOULIN / cDAUDET, ALPHONSE a[S.N] : bLE LIVRE DE POCHE ، c1994 a226 P04aLITERATURE04aFRENCH LANGUAGE04aFRENCH LITERATURE